| 000 | 00705nam a22001577a 4500 | ||
|---|---|---|---|
| 005 | 20260505145036.0 | ||
| 008 | 260505b |||||||| |||| 00| 0 eng d | ||
| 050 | _aTHE BV 4461 .K4 O86 2025 | ||
| 100 | _aOSORO, ABIGAEL KERUBO | ||
| 245 | _aFAITH- BASED ORGANISATIONS' REHABILITATION PROGRAMS AND SPIRITUAL DEVELOPMENT OF STREET FAMILIES IN ELDORET CITY, KENYA. | ||
| 260 |
_aKISII, _bKISII UNIVERSITY PRESS, _c2025 |
||
| 300 | _aXVII, 284 P,ILL | ||
| 500 | _aINCLUDE BIBLIOGRAPHICAL REFERENCES. | ||
| 650 | _a1. CHURCH WORK WITH STREET FAMILIES - KENYA- ELDORET. 2. STREET FAMILIES- KENYA- ELDORET-SOCIAL CONDITIONS. 3. SOCIAL SERVICES- RELIGIOUS ASPECTS- CHRISTIANITY- KENYA | ||
| 942 |
_2lcc _cREF |
||
| 999 |
_c217083 _d217083 |
||